Bān̐kuṛāra mandira. (Record no. 69384)

MARC details
000 -LEADER
fixed length control field 00660cam a22002411 4500
001 - CONTROL NUMBER
control field sa 66004400
003 - CONTROL NUMBER IDENTIFIER
control field DLC
005 - DATE AND TIME OF LATEST TRANSACTION
control field 20260227112242.0
008 - FIXED-LENGTH DATA ELEMENTS--GENERAL INFORMATION
fixed length control field 890526s1965 ii a 000 0 beno
010 ## - LIBRARY OF CONGRESS CONTROL NUMBER
LC control number sa 66004400
035 ## - SYSTEM CONTROL NUMBER
System control number (OCoLC)19770270
040 ## - CATALOGING SOURCE
Original cataloging agency DLC
Transcribing agency WaU
Modifying agency DLC
043 ## - GEOGRAPHIC AREA CODE
Geographic area code a-ii---
050 00 - LIBRARY OF CONGRESS CALL NUMBER
Classification number NA6007.B3
Item number B3
100 1# - MAIN ENTRY--PERSONAL NAME
Personal name Bandyopādhyāẏa, Amiẏakumāra.
245 10 - TITLE STATEMENT
Title Bān̐kuṛāra mandira.
260 ## - PUBLICATION, DISTRIBUTION, ETC.
Date of publication, distribution, etc. [1965]
300 ## - PHYSICAL DESCRIPTION
Extent 16, 205 p.
Other physical details illus.
Dimensions 22 cm.
500 ## - GENERAL NOTE
General note In Bengali.
500 ## - GENERAL NOTE
General note Map on lining paper.
650 #0 - SUBJECT ADDED ENTRY--TOPICAL TERM
Topical term or geographic name entry element Temples
Geographic subdivision India
-- Bānkurā (District).
650 #0 - SUBJECT ADDED ENTRY--TOPICAL TERM
Topical term or geographic name entry element Architecture
Geographic subdivision India
-- Bānkurā (District).

No items available.

Powered by Koha